000 00854nam a2200253Ia 4500
003 OSt
005 20221005113421.0
006 a|||||r|||| 00| 0
007 ta
008 221004b |||||||| |||| 00| 0 pan d
020 _a9788178838427 (hbk)
_c280
024 _a5353
037 _b721, 26/06/2013, H.K. Prakashan
_cTextual
040 _aCRL
_cCRL
_bpan
041 _2pan
_apan
082 _aO153,1N58x, Q2
100 _aਸਵੀ, ਸਵਰਨਜੀਤ
245 0 _aਦਰਦ ਪਿਆਦੇ ਹੋਣ ਦਾ
260 _aਲੁਧਿਆਣਾ
_bਚੇਤਨਾ ਪ੍ਰਕਾFਨ ਭਾਰਤ
_c2012
300 _a80ਪੰ
_ccm.
650 _aਪੰਜਾਬੀ ਸਾਹਿਤ
942 _hO153,1N58x, Q2
_cTEXL
_2cc
999 _c1028115
_d1028115